Environmental sanitation, wastewater treatment and disposal (Record no. 496)

000 -LEADER
fixed length control field 00680nam a22002417a 4500
001 - CONTROL NUMBER
control field 496
003 - CONTROL NUMBER IDENTIFIER
control field BD-DhUET
008 - FIXED-LENGTH DATA ELEMENTS--GENERAL INFORMATION
fixed length control field 140722b xxu||||| |||| 00| 0 eng d
020 ## - INTERNATIONAL STANDARD BOOK NUMBER
International Standard Book Number 9789848920169
040 ## - CATALOGING SOURCE
Transcribing agency 0
Modifying agency BD-DhUET
082 ## - DEWEY DECIMAL CLASSIFICATION NUMBER
Classification number 628
Item number TAN / 2013
100 ## - MAIN ENTRY--PERSONAL NAME
Personal name Tanveer Ferdous Saeed
245 ## - TITLE STATEMENT
Title Environmental sanitation, wastewater treatment and disposal
250 ## - EDITION STATEMENT
Edition statement 1st ed.
260 ## - PUBLICATION, DISTRIBUTION, ETC. (IMPRINT)
Place of publication, distribution, etc. Dhaka
Name of publisher, distributor, etc. University Grants Commission of Bangladesh
Date of publication, distribution, etc. 2013
300 ## - PHYSICAL DESCRIPTION
Extent xvi, 343p. :
504 ## - BIBLIOGRAPHY, ETC. NOTE
Bibliography, etc Includes bibliographies
650 #0 - SUBJECT ADDED ENTRY--TOPICAL TERM
Topical term or geographic name as entry element Environmental engineering
650 #0 - SUBJECT ADDED ENTRY--TOPICAL TERM
Topical term or geographic name as entry element Sanitation engineering
700 ## - ADDED ENTRY--PERSONAL NAME
Personal name Abdullah Al-Muyeed
700 ## - ADDED ENTRY--PERSONAL NAME
Personal name Tanvir Ahmed
942 ## - ADDED ENTRY ELEMENTS (KOHA)
Koha item type General Book
Holdings
Piece designation (barcode) Price effective from Withdrawn status Date acquired Lost status Source of classification or shelving scheme Koha normalized classification for sorting Not for loan Location (home branch) Sublocation or collection (holding branch) Copy number Damaged status Koha full call number Koha date last seen Shelving location Koha item type Koha issues (times borrowed) Koha date last borrowed
1124482014-07-22 2014-07-22  628TAN2013 Central Library, BUETCentral Library, BUET1 628/TAN/20132014-07-22Circulation sectionGeneral Book  
1124492014-07-22 2014-07-22  628TAN2013 Central Library, BUETCentral Library, BUET2 628/TAN/20132016-11-16Circulation sectionGeneral Book  
1124502014-07-22 2014-07-22  628TAN2013 Central Library, BUETCentral Library, BUET3 628/TAN/20132014-07-22Circulation sectionGeneral Book  
1124512014-07-22 2014-07-22  628TAN2013 Central Library, BUETCentral Library, BUET4 628/TAN/20132014-07-22Circulation sectionGeneral Book  
1124522014-07-22 2014-07-22  628TAN2013 Central Library, BUETCentral Library, BUET5 628/TAN/20132014-07-22Circulation sectionGeneral Book  
1124532014-07-22 2014-07-22  628TAN2013 Central Library, BUETCentral Library, BUET6 628/TAN/20132016-10-18Circulation sectionGeneral Book  
1124542014-07-22 2014-07-22  628TAN2013 Central Library, BUETCentral Library, BUET7 628/TAN/20132016-01-18Circulation sectionGeneral Book  
1124552014-07-22 2014-07-22  628TAN2013 Central Library, BUETCentral Library, BUET8 628/TAN/20132020-02-23Circulation sectionGeneral Book12020-02-18
1124562014-07-22 2014-07-22  628TAN2013 Central Library, BUETCentral Library, BUET9 628/TAN/20132014-07-22Circulation sectionGeneral Book  
1124572014-07-22 2014-07-22  628TAN2013 Central Library, BUETCentral Library, BUET10 628/TAN/20132016-12-03Circulation sectionGeneral Book